| 000 | 01229nam0a22002891 4500 | ||
|---|---|---|---|
| 001 | rc\4544276 | ||
| 005 | 20251120111137.0 | ||
| 021 |
_aRU _bРг521-60 |
||
| 035 | _a(NLR Aleph) 008361736 | ||
| 090 |
_a9002511 _c9002511 |
||
| 100 | _a20130416d1959 |||y0rusy50 ca | ||
| 101 | 0 | _arus | |
| 102 | _aRU | ||
| 105 | _ay z ||||| | ||
| 200 | 1 |
_aМетодическое руководство по курсовому проектированию самолетов и вертолетов _e(Для студентов-заочников) _fКиевский ин-т гражданского воздушного флота. Кафедра конструкции самолетов |
|
| 210 |
_aКиев _cБ. и. _d1959 |
||
| 215 |
_a52 с. _d21 |
||
| 300 | _aНа обл. сост. не указан | ||
| 320 | _aБиблиогр.: с. 52 | ||
| 700 | 1 |
_aКочегура _bМ. А. _gМихаил Андреевич _4220 |
|
| 712 | 0 | 2 |
_aКиевский институт гражданского воздушного флота им. К. Е. Ворошилова _3RU\NLR\AUTH\889925742 _4570 |
| 801 | 0 |
_aRU _bNLR _gpsbo |
|
| 801 | 1 |
_aRU _bELAR _2rusmarc |
|
| 852 |
_aNLR _j59-6/10946 |
||
| 942 | _cBOOK | ||
| 980 | _aNB | ||